[Event "Ruhrgebiet Bezirksliga 16/17"]
[Site "Ruhrgebiet"]
[Date "2017.04.02"]
[Round "10.2"]
[White "Specht, Ingo"]
[Black "Richter, Marc"]
[Result "0-1"]
[WhiteElo "1757"]
[BlackElo "1539"]
[PlyCount "78"]
[EventDate "2016.08.28"]
[EventType "team-tourn"]
[EventRounds "11"]
[EventCountry "GER"]
[SourceTitle "EXT 2022"]
[Source "ChessBase"]
[SourceDate "2021.10.06"]
[SourceVersion "1"]
[SourceVersionDate "2021.10.06"]
[SourceQuality "1"]
[WhiteTeam "Boenen SV II"]
[BlackTeam "Luenen Horstmar SC II"]
[WhiteTeamCountry "GER"]
[BlackTeamCountry "GER"]

1. e4 e5 2. Bc4 Bc5 3. Nc3 a6 4. d3 h6 5. f4 d6 6. fxe5 dxe5 7. Qh5 Qf6 8. Nf3 Bd6 9. Nd5 Qg6 10. Qxg6 fxg6 11. Nh4 g5 12. Ng6 Rh7 13. Nxc7+ Bxc7 14. Bxg8 Nd7 15. Bxh7 Nf6 16. Nxe5 Nxh7 17. Nc4 Nf6 18. 0-0 b5 19. Ne3 Bb6 20. Kh1 Be6 21. Nf5 Ra7 22. Nxg7+ Ke7 23. Nxe6 Kxe6 24. h3 Rg7 25. Bd2 Nh5 26. Rf3 g4 27. hxg4 Rxg4 28. Rh3 Ng3+ 29. Kh2 Bc7 30. Rxh6+ Ke5 31. Bc3+ Kf4 32. Kh3 Rg8 33. Rh4+ Ke3 34. Re1+ Ne2 35. e5 Kf2 36. Rh7 Rg3+ 37. Kh2 Rxg2+ 38. Kh3 Nf4+ 39. Kh4 Bd8+ 0-1

[Event "Ruhrgebiet Bezirksliga 16/17"]
[Site "Ruhrgebiet"]
[Date "2017.03.05"]
[Round "9.2"]
[White "Bachmann, Rolf"]
[Black "Specht, Ingo"]
[Result "1/2-1/2"]
[WhiteElo "1830"]
[BlackElo "1757"]
[PlyCount "102"]
[EventDate "2016.08.28"]
[EventType "team-tourn"]
[EventRounds "11"]
[EventCountry "GER"]
[SourceTitle "EXT 2022"]
[Source "ChessBase"]
[SourceDate "2021.10.06"]
[SourceVersion "1"]
[SourceVersionDate "2021.10.06"]
[SourceQuality "1"]
[WhiteTeam "Hamm SV II"]
[BlackTeam "Boenen SV II"]
[WhiteTeamCountry "GER"]
[BlackTeamCountry "GER"]

1. d4 Nf6 2. c4 e6 3. Bg5 Be7 4. e3 d5 5. Nc3 0-0 6. Rc1 h6 7. Bf4 b6 8. h3 Ba6 9. Nf3 dxc4 10. Nd2 b5 11. Be2 Nbd7 12. Bf3 Rc8 13. Bc6 b4 14. Ne2 Nb6 15. e4 c3 16. bxc3 bxc3 17. Rxc3 Bxe2 18. Qxe2 Qxd4 19. Qd3 Rfd8 20. Qxd4 Rxd4 21. Ke2 Rcd8 22. Nb3 Rc4 23. Rxc4 Nxc4 24. Rc1 Nh5 25. Bxc7 Rc8 26. Rxc4 Rxc7 27. g3 Nf6 28. Kd3 Nd7 29. Bxd7 Rxd7+ 30. Ke3 f6 31. Nd4 Kf7 32. Rc6 e5 33. Nf5 Bf8 34. Ke2 Rb7 35. Ne3 Rb2+ 36. Rc2 Rxc2+ 37. Nxc2 Bc5 38. f3 Ke6 39. Kd3 Kd6 40. Kc4 Kc6 41. Na1 g6 42. g4 Kd6 43. Nb3 Bb6 44. Kb5 h5 45. Nd2 Bd4 46. Nc4+ Kc7 47. Na5 Kd6 48. Nb7+ Kc7 49. Nc5 Kd6 50. Nb3 Be3 51. Na5 Kc7 1/2-1/2

[Event "Ruhrgebiet Bezirksliga 16/17"]
[Site "Ruhrgebiet"]
[Date "2017.02.12"]
[Round "8.2"]
[White "Specht, Ingo"]
[Black "Wiese, Thomas"]
[Result "0-1"]
[WhiteElo "1757"]
[BlackElo "1764"]
[PlyCount "56"]
[EventDate "2016.08.28"]
[EventType "team-tourn"]
[EventRounds "11"]
[EventCountry "GER"]
[SourceTitle "EXT 2022"]
[Source "ChessBase"]
[SourceDate "2021.10.06"]
[SourceVersion "1"]
[SourceVersionDate "2021.10.06"]
[SourceQuality "1"]
[WhiteTeam "Boenen SV II"]
[BlackTeam "Kamen SV III"]
[WhiteTeamCountry "GER"]
[BlackTeamCountry "GER"]

1. e4 e5 2. Bc4 Nf6 3. d3 Bc5 4. Nc3 Nc6 5. f4 d6 6. Nf3 a6 7. f5 Na5 8. Bb3 Nxb3 9. axb3 h6 10. h3 Qe7 11. g4 Bd7 12. g5 hxg5 13. Bxg5 Qf8 14. Bxf6 gxf6 15. Nd5 0-0-0 16. b4 Ba7 17. c4 c6 18. Nc3 Kb8 19. Qa4 Qh6 20. Nd2 Qe3+ 21. Kd1 Qxd3 22. b5 Rdg8 23. Qc2 Qe3 24. Ne2 cxb5 25. cxb5 Bxb5 26. Nc4 Qf3 27. Re1 Rc8 28. b3 d5 0-1

[Event "Ruhrgebiet Bezirksliga 15/16"]
[Site "Ruhrgebiet"]
[Date "2016.01.31"]
[Round "7.1"]
[White "Huegel, Guido"]
[Black "Specht, Ingo"]
[Result "1-0"]
[WhiteElo "1830"]
[BlackElo "1744"]
[PlyCount "73"]
[EventDate "2015.08.30"]
[EventType "team-tourn"]
[EventRounds "9"]
[EventCountry "GER"]
[SourceTitle "EXT 2022"]
[Source "ChessBase"]
[SourceDate "2021.10.06"]
[SourceVersion "1"]
[SourceVersionDate "2021.10.06"]
[SourceQuality "1"]
[WhiteTeam "Werl SC 1981"]
[BlackTeam "Boenen SV II"]
[WhiteTeamCountry "GER"]
[BlackTeamCountry "GER"]

1. e4 c5 2. g3 Nc6 3. Bg2 e6 4. Ne2 Nf6 5. f4 d5 6. e5 Nd7 7. d4 cxd4 8. Nxd4 Nxd4 9. Qxd4 Bc5 10. Qd3 Qb6 11. Qb3 Qxb3 12. axb3 0-0 13. Nc3 f6 14. exf6 Nxf6 15. Na4 Bd6 16. Nb6 Rb8 17. Rxa7 Bc5 18. Nxc8 Rfxc8 19. Ra4 b5 20. Ra6 Bb6 21. Kd2 Rc6 22. Ra1 b4 23. c4 Rc7 24. Re1 dxc4 25. bxc4 Rxc4 26. Rxe6 Rd8+ 27. Ke1 Bg1 28. h3 Nh5 29. Re5 Nxg3 30. Bd5+ Rxd5 31. Rxd5 Re4+ 32. Kd1 Bf2 33. Rd7 h6 34. Bd2 Nf1 35. f5 Bd4 36. Ra8+ Kh7 37. Rdd8 1-0

[Event "Unna op"]
[Site "Unna"]
[Date "2012.12.28"]
[Round "4"]
[White "Specht, Ingo"]
[Black "Wiehagen, Juergen"]
[Result "1-0"]
[WhiteElo "1729"]
[BlackElo "2106"]
[PlyCount "49"]
[EventDate "2012.12.27"]
[EventType "swiss"]
[EventRounds "7"]
[EventCountry "GER"]
[SourceTitle "CBM 152 Extra"]
[Source "ChessBase"]
[SourceDate "2013.02.25"]
[SourceVersion "1"]
[SourceVersionDate "2013.02.25"]
[SourceQuality "1"]

1. e4 e6 2. d4 d5 3. e5 c5 4. c3 Nc6 5. Nf3 Bd7 6. Be2 Qb6 7. a3 c4 8. Nbd2 Na5 9. b4 cxb3 10. Rb1 Ba4 11. c4 Qc6 12. cxd5 exd5 13. Bb2 b5 14. 0-0 Nc4 15. Qc1 Rc8 16. Ng5 Be7 17. Nxc4 bxc4 18. Qf4 Qg6 19. e6 fxe6 20. Nxe6 Qxe6 21. Bg4 Qc6 22. Rfe1 Qc7 23. Qg5 g6 24. Bxc8 Qxc8 25. Qe5 1-0

[Event "Ruhrgebiet VK3 0910"]
[Site "Ruhrgebiet"]
[Date "2009.12.06"]
[Round "4.5"]
[White "Specht, Ingo"]
[Black "Ribbeheger, Edgar"]
[Result "0-1"]
[WhiteElo "1780"]
[BlackElo "1907"]
[PlyCount "78"]
[EventDate "2009.09.06"]
[EventType "team"]
[EventRounds "9"]
[EventCountry "GER"]
[SourceTitle "EXT 2011"]
[Source "ChessBase"]
[SourceDate "2010.11.26"]
[SourceVersion "1"]
[SourceVersionDate "2010.11.26"]
[SourceQuality "1"]
[WhiteTeam "Boenen SV"]
[BlackTeam "Herne Sodingen II"]
[WhiteTeamCountry "GER"]
[BlackTeamCountry "GER"]

1. e4 c5 2. Nf3 d6 3. d4 cxd4 4. Nxd4 a6 5. Nc3 Nf6 6. Be2 e5 7. Nb3 Be6 8. 0-0 Be7 9. f4 Qc7 10. f5 Bc4 11. g4 h6 12. Bxc4 Qxc4 13. Qf3 Nc6 14. g5 hxg5 15. Bxg5 Nd4 16. Nxd4 exd4 17. Bxf6 Bxf6 18. Nd5 Be5 19. Rf2 Rd8 20. Qg4 Rh6 21. Qg5 Rd7 22. Nb6 Qc5 23. Nxd7 Kxd7 24. c3 dxc3 25. bxc3 Rxh2 26. Raf1 Rh3 27. Qd2 Rxc3 28. Kg2 Rg3+ 29. Kh1 Rh3+ 30. Kg2 Rh2+ 31. Kg1 Rxf2 32. Rxf2 Bd4 33. Kg2 Bxf2 34. Qxf2 Qxf2+ 35. Kxf2 Ke7 36. Ke3 Kf6 37. Kd4 g5 38. fxg6 fxg6 39. Kd5 Ke7 0-1

[Event "Ruhrgebiet VK3 0708"]
[Site "Germany"]
[Date "2008.04.06"]
[Round "8.6"]
[White "Specht, Ingo"]
[Black "Fork, Raphael"]
[Result "0-1"]
[WhiteElo "1725"]
[BlackElo "1897"]
[PlyCount "76"]
[EventDate "2007.09.16"]
[EventType "team"]
[EventRounds "9"]
[EventCountry "GER"]
[SourceTitle "EXT 2009"]
[Source "ChessBase"]
[SourceDate "2008.11.26"]
[SourceVersion "1"]
[SourceVersionDate "2008.11.26"]
[SourceQuality "1"]
[WhiteTeam "Boenen SV"]
[BlackTeam "Dortmund FS 98"]
[WhiteTeamCountry "GER"]
[BlackTeamCountry "GER"]

1. e4 c5 2. Nf3 Nc6 3. d4 cxd4 4. Nxd4 g6 5. Be3 Bg7 6. Nc3 Nf6 7. f3 0-0 8. Qd2 d5 9. Nxc6 bxc6 10. e5 Nd7 11. f4 Qa5 12. 0-0-0 Rb8 13. a3 e6 14. Ne2 Qc7 15. g4 c5 16. h4 d4 17. Bxd4 cxd4 18. Qxd4 Nxe5 19. fxe5 Bxe5 20. Qa4 Bxb2+ 21. Kd2 Bd7 22. Qf4 Be5 23. Qe3 Rb2 24. Ke1 Bc6 25. Rh3 Rxc2 26. Rc1 Rxc1+ 27. Qxc1 Ba4 28. Qxc7 Bxc7 29. Nc3 Ba5 30. Kf2 Bc2 31. Nb5 Rd8 32. Be2 Bd1 33. Rd3 Bb6+ 34. Ke1 Rxd3 35. Bxd3 Bxg4 36. Nd6 Bc5 37. Ne4 Be7 38. a4 Bxh4+ 0-1

[Event "Unna op"]
[Site "Unna"]
[Date "2007.12.27"]
[Round "1"]
[White "Straeter, Timo"]
[Black "Specht, Ingo"]
[Result "1-0"]
[WhiteElo "2325"]
[BlackElo "1701"]
[PlyCount "75"]
[EventDate "2007.12.27"]
[EventType "swiss"]
[EventRounds "7"]
[EventCountry "GER"]
[SourceTitle "CBM 122 Extra"]
[Source "ChessBase"]
[SourceDate "2008.03.04"]
[SourceVersion "1"]
[SourceVersionDate "2008.03.04"]
[SourceQuality "1"]

1. d4 Nf6 2. c4 g6 3. Nc3 Bg7 4. e4 d6 5. Be2 0-0 6. Bg5 c5 7. d5 Nbd7 8. Qd2 a6 9. Nf3 Rb8 10. a4 Ne8 11. 0-0 Ne5 12. Nxe5 Bxe5 13. Bh6 Ng7 14. Be3 f5 15. f4 Bf6 16. e5 dxe5 17. Bxc5 Qc7 18. Be3 exf4 19. Bxf4 Be5 20. Bxe5 Qxe5 21. Rae1 e6 22. Bf3 Qd6 23. Qd4 b6 24. Kh1 Bb7 25. a5 Qc5 26. Qxc5 bxc5 27. Na4 exd5 28. Nxc5 Bc6 29. Rf2 Rfe8 30. Rfe2 Rxe2 31. Rxe2 Rb4 32. b3 Kf7 33. Kg1 Nh5 34. cxd5 Bb5 35. Bxh5 gxh5 36. Rd2 Ke7 37. d6+ Kd8 38. d7 1-0

[Event "Unna op"]
[Site "Unna"]
[Date "2004.12.27"]
[Round "1"]
[White "Specht, Ingo"]
[Black "Kolkin, Michail"]
[Result "0-1"]
[WhiteElo "1698"]
[BlackElo "2076"]
[PlyCount "28"]
[EventDate "2004.12.27"]
[EventType "swiss"]
[EventRounds "7"]
[EventCountry "GER"]
[SourceTitle "CBM 104 Extra"]
[Source "ChessBase"]
[SourceDate "2005.03.01"]
[SourceVersion "1"]
[SourceVersionDate "2005.03.01"]
[SourceQuality "1"]

1. e4 e5 2. Nf3 d6 3. d4 Bg4 4. dxe5 Nd7 5. exd6 Bxd6 6. Be2 Qe7 7. 0-0 Ngf6 8. Re1 0-0-0 9. Ng5 Ne5 10. h3 h6 11. Nxf7 Qxf7 12. hxg4 Bc5 13. Nd2 Bxf2+ 14. Kh2 h5 0-1

[Event "Ruhrgebiet VK1 0304"]
[Site "Ruhrgebiet"]
[Date "2004.02.08"]
[Round "6.6"]
[White "Hustert, Volker"]
[Black "Specht, Ingo"]
[Result "1-0"]
[WhiteElo "1954"]
[BlackElo "1629"]
[PlyCount "149"]
[EventDate "2003.09.28"]
[EventType "team"]
[EventRounds "9"]
[EventCountry "GER"]
[SourceTitle "EXT 2007"]
[Source "ChessBase"]
[SourceDate "2006.11.23"]
[SourceVersion "1"]
[SourceVersionDate "2006.11.23"]
[SourceQuality "1"]
[WhiteTeam "Witten"]
[BlackTeam "Boenen SV"]
[WhiteTeamCountry "GER"]
[BlackTeamCountry "GER"]

1. e4 c5 2. Nf3 d6 3. d4 cxd4 4. Nxd4 Nf6 5. Nc3 a6 6. Be2 e6 7. Be3 b5 8. a3 Bb7 9. f3 Nbd7 10. Qd2 Rc8 11. g4 Ne5 12. g5 Nfd7 13. f4 Nc4 14. Bxc4 Rxc4 15. Rf1 Qc8 16. Nde2 Bxe4 17. b3 Rxc3 18. Nxc3 Bf5 19. Bd4 d5 20. Qe3 b4 21. Nxd5 bxa3 22. c4 Nc5 23. Rd1 Ne4 24. Nc3 Bb4 25. h3 0-0 26. Ke2 Nc5 27. Na2 Nxb3 28. Nxb4 Qxc4+ 29. Kf2 Qxb4 30. Kg3 Nxd4 31. Rxd4 Qc5 32. Rd3 Qxe3+ 33. Rxe3 a2 34. Ra3 Bb1 35. Rxa6 g6 36. Rc1 Rb8 37. Rc3 Kg7 38. h4 Rb7 39. Re3 Kf8 40. Rc3 Ke7 41. Kf3 f6 42. Re3 fxg5 43. Rexe6+ Kf7 44. hxg5 Rb3+ 45. Re3 Rb2 46. Ra7+ Kf8 47. Rc3 Bf5 48. Rca3 Be6 49. Rxh7 Kg8 50. Rha7 Bf7 51. Ke3 Kf8 52. Kd4 Rb4+ 53. Ke3 Rb2 54. R7a5 Rb3+ 55. Kd4 Rb4+ 56. Ke5 Rb6 57. Ra6 Rb4 58. R3a4 Rb5+ 59. Ke4 Bd5+ 60. Kd4 Bf7 61. R4a5 Rb4+ 62. Ke5 Kg7 63. Ra7 Kf8 64. R5a6 Rb5+ 65. Ke4 Rb4+ 66. Kf3 Rb3+ 67. Kg4 Rb4 68. Rf6 Rb7 69. Rxa2 Kg7 70. Ra4 Re7 71. Rd4 Be6+ 72. Kf3 Bf5 73. Rdd6 Kh7 74. Rxf5 gxf5 75. Rf6 1-0